01940nam a2200337 a 4500001001200000003000800012006001900020007001500039008004100054010001700095020003600112020001800148020002700166040002100193035002100214050002300235082001800258245014300276260005200419300002300471504005300494505061600547533015201163650005601315655002901371700002101400700002101421710001701442856012601459999001701585ebr10389542CaPaEBRm u cr cn|||||||||020712s2003 ilua sb 101 0 eng  z 2002010963 z0226551784 (cloth : alk. paper) z9780226551784 z9780226551791 (e-book) aCaPaEBRcCaPaEBR a(OCoLC)64220623914aR852b.M383 2003eb04a362.1/06822100aMeasuring the gains from medical researchh[electronic resource] :ban economic approach /cedited by Kevin M. Murphy and Robert H. Topel. aChicago :bUniversity of Chicago Press,cc2003. avi, 263 p. :bill. aIncludes bibliographical references and indexes.0 aThe health of nations: the contribution of improved health to living standards / William D. Nordhaus -- The economic value of medical research / Kevin M. Murphy and Robert Topel -- Pharmaceutical innovation, mortality reduction, and economic growth / Frank R. Lichtenberg -- The return to biomedical research: treatment and behavioral effects / David M. Cutler and Srikanth Kadiyala -- Biomedical research and then some: the causes of technological change in heart attack treatment / Paul Heidenreich and Mark McClellan -- Can medical cost-effectiveness analysis identify the value of research? / David Meltzer. aElectronic reproduction.bPalo Alto, Calif. :cebrary,d2013.nAvailable via World Wide Web.nAccess may be limited to ebrary affiliated libraries. 0aMedicinexResearchxCost effectivenessvCongresses. 7aElectronic books.2local1 aMurphy, Kevin M.1 aTopel, Robert H.2 aebrary, Inc.40uhttp://site.ebrary.com/lib/rucke/Doc?id=10389542zAn electronic book accessible through the World Wide Web; click to view c91084d91084